[Event "POL-chT 2nd League"]
[Site "Jastrzebia Gora"]
[Date "2018.09.04"]
[Round "4.97"]
[White "Zielinski, Przemyslaw"]
[Black "Maj, Pawel1"]
[Result "1-0"]
[WhiteElo "2299"]
[BlackElo "2090"]
[PlyCount "61"]
[EventDate "2018.09.01"]
[EventType "team-swiss"]
[EventRounds "9"]
[EventCountry "POL"]
[SourceTitle "CBM 186 Extra"]
[Source "ChessBase"]
[SourceDate "2018.08.24"]
[SourceVersion "1"]
[SourceVersionDate "2018.08.24"]
[SourceQuality "1"]
[WhiteTeam "Staniatki Goniec"]
[BlackTeam "Warszawa Skoczek Trojanski"]
[WhiteTeamCountry "POL"]
[BlackTeamCountry "POL"]

1. d4 Nf6 2. c4 g6 3. Nc3 Bg7 4. e4 d6 5. h3 0-0 6. Bg5 c5 7. d5 h6 8. Be3 e6 9. dxe6 Bxe6 10. Qd2 Nc6 11. Bxh6 Bxh6 12. Qxh6 Nd4 13. Qd2 Qa5 14. Rc1 Rfe8 15. Bd3 b5 16. cxb5 c4 17. Bb1 Nxb5 18. Nge2 Rab8 19. 0-0 Nxc3 20. bxc3 Rb6 21. Nd4 Qh5 22. Rfe1 Bc8 23. Re3 Kg7 24. Rce1 Bb7 25. f3 Qg5 26. Qf2 Nh5 27. f4 Qf6 28. Rf1 Rxb1 29. Rxb1 Bxe4 30. Rf1 d5 31. g4 1-0

[Event "Krakow City-ch"]
[Site "Krakow"]
[Date "2008.01.19"]
[Round "1"]
[White "Zielinski, Przemyslaw"]
[Black "Wcislo, Damian"]
[Result "1-0"]
[WhiteElo "2321"]
[BlackElo "2127"]
[PlyCount "140"]
[EventDate "2008.01.19"]
[EventType "tourn"]
[EventRounds "9"]
[EventCountry "POL"]
[SourceTitle "EXT 2009"]
[Source "ChessBase"]
[SourceDate "2008.11.26"]
[SourceVersion "1"]
[SourceVersionDate "2008.11.26"]
[SourceQuality "1"]

1. e4 c5 2. Nc3 Nc6 3. Bb5 Nd4 4. Bc4 e6 5. Nge2 a6 6. Nxd4 cxd4 7. Ne2 b5 8. Bd3 Bc5 9. c3 dxc3 10. dxc3 Nf6 11. 0-0 Bb7 12. Ng3 h5 13. Bg5 Qc7 14. Bxf6 gxf6 15. Qf3 Qe5 16. Rfe1 Ke7 17. Bc2 Rag8 18. b4 Bb6 19. Rad1 Rg4 20. Ne2 Bxe4 21. Bxe4 Qxe4 22. Qxe4 Rxe4 23. Kf1 h4 24. h3 Rh5 25. Ng1 Rc4 26. Rd3 Rh8 27. a4 Rhc8 28. Ne2 bxa4 29. Ra1 a5 30. Rxa4 d5 31. Rd2 axb4 32. Rxb4 Rxb4 33. cxb4 Rc4 34. Rb2 e5 35. g3 hxg3 36. Nxg3 Ke6 37. f3 f5 38. Ke2 Rc3 39. Nf1 e4 40. Nd2 d4 41. Rb3 d3+ 42. Kd1 Rxb3 43. Nxb3 e3 44. Nc5+ Bxc5 45. bxc5 Kd5 46. h4 Kxc5 47. h5 Kc4 48. h6 Kc3 49. h7 e2+ 50. Ke1 Kc2 51. h8Q d2+ 52. Kxe2 d1Q+ 53. Kf2 Qd2+ 54. Kg3 Qd6+ 55. Kf2 Kd3 56. Qe8 Qb6+ 57. Kf1 Qe6 58. Qb5+ Ke3 59. Qe2+ Kf4 60. Qf2 Qe3 61. Qh2+ Kxf3 62. Qh5+ Kg3 63. Qg6+ Kf4 64. Qxf7 Qf3+ 65. Kg1 Kg3 66. Qg7+ Qg4 67. Qc3+ Kf4+ 68. Kf2 Qh4+ 69. Kg2 Qe7 70. Qg3+ Ke4 1-0

[Event "POL-chT 2nd League"]
[Site "Lublin"]
[Date "2006.09.10"]
[Round "9.3"]
[White "Lubczynski, Rafal"]
[Black "Zielinski, Przemyslaw"]
[Result "1/2-1/2"]
[WhiteElo "2361"]
[BlackElo "2342"]
[PlyCount "48"]
[EventDate "2006.09.02"]
[EventType "team-swiss"]
[EventRounds "9"]
[EventCountry "POL"]
[SourceTitle "EXT 2019"]
[Source "ChessBase"]
[SourceDate "2018.10.10"]
[SourceVersion "1"]
[SourceVersionDate "2018.10.10"]
[SourceQuality "1"]
[WhiteTeam "Wroclaw Polonia"]
[BlackTeam "Krakow TKKF Drogowiec"]
[WhiteTeamCountry "POL"]
[BlackTeamCountry "POL"]

1. d4 Nf6 2. c4 e6 3. Nf3 b6 4. g3 Bb4+ 5. Bd2 Bxd2+ 6. Nbxd2 Bb7 7. Bg2 0-0 8. 0-0 c5 9. dxc5 bxc5 10. a3 a5 11. Ne1 Bxg2 12. Kxg2 d5 13. Rc1 Nbd7 14. Nd3 Qe7 15. Re1 Rfd8 16. Qc2 d4 17. e3 dxe3 18. Rxe3 Ng4 19. Re2 Qd6 20. Nf3 Nh6 21. Rd1 Qc6 22. Red2 Re8 23. Nde1 Ne5 24. Qc3 f6 1/2-1/2

[Event "POL-chT 2nd League"]
[Site "Lublin"]
[Date "2006.09.05"]
[Round "4.15"]
[White "Barglowski, Filip"]
[Black "Zielinski, Przemyslaw"]
[Result "1-0"]
[WhiteElo "2337"]
[BlackElo "2342"]
[PlyCount "67"]
[EventDate "2006.09.02"]
[EventType "team-swiss"]
[EventRounds "9"]
[EventCountry "POL"]
[SourceTitle "EXT 2019"]
[Source "ChessBase"]
[SourceDate "2018.10.10"]
[SourceVersion "1"]
[SourceVersionDate "2018.10.10"]
[SourceQuality "1"]
[WhiteTeam "Legnica Miedz"]
[BlackTeam "Krakow TKKF Drogowiec"]
[WhiteTeamCountry "POL"]
[BlackTeamCountry "POL"]

1. e4 c5 2. Nf3 Nc6 3. Bb5 g6 4. Bxc6 bxc6 5. 0-0 Bg7 6. Re1 Nh6 7. c3 f6 8. d4 cxd4 9. cxd4 Nf7 10. Nc3 d6 11. h3 0-0 12. b3 Qa5 13. Bb2 Qh5 14. Ne2 g5 15. Ng3 Qg6 16. Rc1 Bd7 17. Nf5 Rae8 18. Qd3 Nd8 19. Nh2 Ne6 20. g3 d5 21. Qa6 dxe4 22. Qxa7 Qxf5 23. Qxd7 Rc8 24. Rc5 Qxh3 25. Rxe4 Nxc5 26. Qxh3 Nxe4 27. Qe6+ Kh8 28. Qxe4 Rc7 29. Nf3 Rb8 30. Nd2 Rd8 31. Bc3 Rb8 32. b4 Re8 33. Qe6 Rd8 34. Nc4 1-0

[Event "POL-chT 2nd League"]
[Site "Wysowa"]
[Date "2005.09.03"]
[Round "8.19"]
[White "Protaziuk, Grzegorz"]
[Black "Zielinski, Przemyslaw"]
[Result "0-1"]
[WhiteElo "2362"]
[BlackElo "2357"]
[PlyCount "64"]
[EventDate "2005.08.27"]
[EventType "team-swiss"]
[EventRounds "9"]
[EventCountry "POL"]
[SourceTitle "EXT 2019"]
[Source "ChessBase"]
[SourceDate "2018.10.10"]
[SourceVersion "1"]
[SourceVersionDate "2018.10.10"]
[SourceQuality "1"]
[WhiteTeam "Miedzyborow Wrzos"]
[BlackTeam "Krakow TKKF Drogowiec"]
[WhiteTeamCountry "POL"]
[BlackTeamCountry "POL"]

1. e4 c5 2. Nf3 Nc6 3. d4 cxd4 4. Nxd4 e5 5. Nb5 d6 6. c4 Be7 7. N1c3 a6 8. Na3 Be6 9. Nc2 Bg5 10. Bxg5 Qxg5 11. h4 Qe7 12. Qd2 Nf6 13. 0-0-0 0-0-0 14. f3 Nh5 15. Nd5 Bxd5 16. cxd5 Nb8 17. Qf2 g6 18. Kb1 Kd7 19. g3 Ke8 20. f4 Nf6 21. Bg2 Nbd7 22. Rdf1 Ng4 23. Qe2 h5 24. Bh3 Ndf6 25. f5 Rg8 26. Rf3 g5 27. Bxg4 Nxg4 28. hxg5 Qxg5 29. f6 Nxf6 30. Rhf1 Rg7 31. Rf5 Qg4 32. Qxg4 Nxg4 0-1

[Event "POL-chT 2nd League"]
[Site "Wysowa"]
[Date "2005.09.02"]
[Round "7.19"]
[White "Zielinski, Przemyslaw"]
[Black "Krzesaj, Robert"]
[Result "1-0"]
[WhiteElo "2357"]
[BlackElo "2263"]
[PlyCount "81"]
[EventDate "2005.08.27"]
[EventType "team-swiss"]
[EventRounds "9"]
[EventCountry "POL"]
[SourceTitle "EXT 2019"]
[Source "ChessBase"]
[SourceDate "2018.10.10"]
[SourceVersion "1"]
[SourceVersionDate "2018.10.10"]
[SourceQuality "1"]
[WhiteTeam "Krakow TKKF Drogowiec"]
[BlackTeam "Wroclaw MUKS MDK Srodmiescie"]
[WhiteTeamCountry "POL"]
[BlackTeamCountry "POL"]

1. d4 d5 2. c4 e6 3. g3 c5 4. cxd5 exd5 5. Nc3 Nc6 6. e3 Nf6 7. Nge2 c4 8. Bg2 Bf5 9. 0-0 Bd3 10. b3 Bb4 11. Bb2 Bxc3 12. Bxc3 b5 13. bxc4 bxc4 14. Qa4 Qd7 15. Bh3 Qc7 16. Rfe1 0-0 17. f3 h6 18. Nf4 Bh7 19. Bg2 Qb6 20. Re2 Rfe8 21. Rc1 Re7 22. Rb2 Qc7 23. Rb5 Qd7 24. Rc5 Nd8 25. Qxd7 Rxd7 26. e4 Nb7 27. Rc6 Rad8 28. e5 Ne8 29. Bh3 Rc7 30. Ra6 g5 31. Ng2 Ng7 32. Rxa7 Bf5 33. Bxf5 Nxf5 34. g4 Ng7 35. Ne3 Ne6 36. Rb1 Rdd7 37. Rb5 Nf4 38. Kf1 Kg7 39. a4 Nd8 40. Rxc7 Rxc7 41. Nxd5 1-0

[Event "POL-chT 2nd League"]
[Site "Wysowa"]
[Date "2005.08.28"]
[Round "2.37"]
[White "Olszynski, Kazimierz"]
[Black "Zielinski, Przemyslaw"]
[Result "1/2-1/2"]
[WhiteElo "2243"]
[BlackElo "2357"]
[PlyCount "96"]
[EventDate "2005.08.27"]
[EventType "team-swiss"]
[EventRounds "9"]
[EventCountry "POL"]
[SourceTitle "EXT 2019"]
[Source "ChessBase"]
[SourceDate "2018.10.10"]
[SourceVersion "1"]
[SourceVersionDate "2018.10.10"]
[SourceQuality "1"]
[WhiteTeam "Prudnik LKS Zarzewie"]
[BlackTeam "Krakow TKKF Drogowiec"]
[WhiteTeamCountry "POL"]
[BlackTeamCountry "POL"]

1. e4 c5 2. f4 d5 3. e5 Nc6 4. Nf3 Qc7 5. Be2 f6 6. 0-0 e6 7. c3 Bd7 8. d3 0-0-0 9. Na3 Nh6 10. Nc2 Be7 11. a3 Nf7 12. d4 c4 13. Ne3 Na5 14. Nd2 f5 15. b3 Nxb3 16. Nxb3 Ba4 17. Qd2 Bxb3 18. a4 g5 19. Bh5 Rhf8 20. g3 Nh6 21. Ba3 gxf4 22. Bxe7 Qxe7 23. Rxf4 Rg8 24. Ng2 Qg5 25. Bf3 Nf7 26. a5 Qe7 27. a6 b6 28. Bd1 Bxd1 29. Qxd1 Ng5 30. Rh4 Rdf8 31. Kh1 Ne4 32. Qa4 Kc7 33. Qa3 Rf7 34. Qb2 Rfg7 35. Rf1 Rg4 36. Rf4 h5 37. Rfxg4 Rxg4 38. Rxg4 hxg4 39. Nf4 Kc6 40. Qa1 Kb5 41. Kg2 Nd2 42. Qa2 Nb3 43. Ng6 Qe8 44. Nf4 Qe7 45. Ng6 Qe8 46. Nf4 Qe7 47. Ng6 Qf7 48. Nf4 Qe7 1/2-1/2

[Event "Presov-A"]
[Site "Presov"]
[Date "2004.??.??"]
[Round "1"]
[White "Peterson, Eric"]
[Black "Zielinski, Przemyslaw"]
[Result "1/2-1/2"]
[WhiteElo "2366"]
[BlackElo "2345"]
[PlyCount "104"]
[EventDate "2004.??.??"]
[EventType "tourn"]
[EventRounds "9"]
[EventCountry "SVK"]
[EventCategory "2"]
[SourceTitle "EXT 2007"]
[Source "ChessBase"]
[SourceDate "2006.11.23"]
[SourceVersion "1"]
[SourceVersionDate "2006.11.23"]
[SourceQuality "1"]

1. e4 c5 2. d4 cxd4 3. c3 e5 4. Nf3 Nc6 5. Bc4 Qc7 6. Ng5 Nd8 7. Qb3 Ne6 8. 0-0 Be7 9. Nf3 d3 10. Bxd3 Nc5 11. Qc2 Nxd3 12. Qxd3 d6 13. c4 Be6 14. b3 Nf6 15. Nc3 a6 16. Be3 0-0 17. h3 Rac8 18. Rac1 h6 19. Rc2 Nd7 20. Nd5 Bxd5 21. Qxd5 Qc6 22. Rfc1 Nf6 23. Qxc6 Rxc6 24. Nd2 Rfc8 25. g4 d5 26. exd5 Nxd5 27. Ne4 b5 28. c5 R8c7 29. a3 g6 30. Bxh6 f5 31. Nd6 f4 32. Ne4 Nf6 33. Nxf6+ Bxf6 34. g5 Be7 35. b4 Rd7 36. Re2 Re6 37. Rce1 Rd5 38. f3 Bd8 39. Kf2 Bc7 40. Re4 Kf7 41. Ra1 a5 42. Ree1 Rd2+ 43. Re2 Rd4 44. Re4 a4 45. Rxd4 exd4 46. Re1 Re3 47. Rxe3 dxe3+ 48. Ke2 Be5 49. h4 Ke7 50. c6 Kf7 51. Kd3 Bd6 52. Ke2 Be5 1/2-1/2

[Event "POL-chT U19 35th"]
[Site "Koszalin"]
[Date "2003.07.13"]
[Round "11.20"]
[White "Zielinski, Przemyslaw"]
[Black "Hermanowicz, Dominika"]
[Result "1-0"]
[WhiteElo "2300"]
[BlackElo "2088"]
[PlyCount "59"]
[EventDate "2003.07.04"]
[EventType "team-tourn"]
[EventRounds "11"]
[EventCountry "POL"]
[SourceTitle "EXT 2019"]
[Source "ChessBase"]
[SourceDate "2018.10.10"]
[SourceVersion "1"]
[SourceVersionDate "2018.10.10"]
[SourceQuality "1"]
[WhiteTeam "Czarna Czarnovia U19"]
[BlackTeam "Legnica Miedz U19"]
[WhiteTeamCountry "POL"]
[BlackTeamCountry "POL"]

1. d4 Nf6 2. Bg5 c5 3. Bxf6 gxf6 4. d5 Bg7 5. c3 d6 6. g3 b5 7. Bg2 f5 8. Nh3 Nd7 9. 0-0 Nf6 10. Nf4 Rb8 11. Nd2 0-0 12. e4 fxe4 13. Nxe4 Bf5 14. Re1 b4 15. c4 Qd7 16. Rb1 Rbe8 17. Qd2 a5 18. Re2 Nxe4 19. Bxe4 Bxe4 20. Rxe4 Qf5 21. Rbe1 Bf6 22. Qe2 Ra8 23. Kg2 Rfe8 24. h4 Ra7 25. Nh5 Be5 26. Rg4+ Kh8 27. Rg5 Qd7 28. Rxe5 dxe5 29. Qxe5+ f6 30. Nxf6 1-0

[Event "POL-chT U19 35th"]
[Site "Koszalin"]
[Date "2003.07.11"]
[Round "9.14"]
[White "Zielinski, Przemyslaw"]
[Black "Sypien, Mateusz"]
[Result "1/2-1/2"]
[WhiteElo "2300"]
[BlackElo "2201"]
[PlyCount "34"]
[EventDate "2003.07.04"]
[EventType "team-tourn"]
[EventRounds "11"]
[EventCountry "POL"]
[SourceTitle "EXT 2019"]
[Source "ChessBase"]
[SourceDate "2018.10.10"]
[SourceVersion "1"]
[SourceVersionDate "2018.10.10"]
[SourceQuality "1"]
[WhiteTeam "Czarna Czarnovia U19"]
[BlackTeam "Jaslo Carbon Black U19"]
[WhiteTeamCountry "POL"]
[BlackTeamCountry "POL"]

1. d4 Nf6 2. Nc3 d5 3. Bg5 Bf5 4. Bxf6 gxf6 5. Nf3 e6 6. e3 c5 7. Bb5+ Nd7 8. Nh4 Bg6 9. Nxg6 hxg6 10. e4 dxe4 11. d5 a6 12. dxe6 fxe6 13. Bxd7+ Qxd7 14. Nxe4 Qxd1+ 15. Rxd1 Be7 16. 0-0 Rd8 17. f4 Kf7 1/2-1/2

[Event "POL-chT U19 35th"]
[Site "Koszalin"]
[Date "2003.07.08"]
[Round "5.2"]
[White "Krysztofiak, Marcin"]
[Black "Zielinski, Przemyslaw"]
[Result "1/2-1/2"]
[WhiteElo "2344"]
[BlackElo "2300"]
[PlyCount "148"]
[EventDate "2003.07.04"]
[EventType "team-tourn"]
[EventRounds "11"]
[EventCountry "POL"]
[SourceTitle "EXT 2019"]
[Source "ChessBase"]
[SourceDate "2018.10.10"]
[SourceVersion "1"]
[SourceVersionDate "2018.10.10"]
[SourceQuality "1"]
[WhiteTeam "Warszawa Damis U19"]
[BlackTeam "Czarna Czarnovia U19"]
[WhiteTeamCountry "POL"]
[BlackTeamCountry "POL"]

1. e4 c5 2. Nf3 Nc6 3. Bb5 e6 4. 0-0 f6 5. c3 a6 6. Be2 d5 7. exd5 exd5 8. d4 Be6 9. Re1 Kf7 10. dxc5 Bxc5 11. Nbd2 Qb6 12. Rf1 Qa7 13. Nb3 Bb6 14. Be3 Bxe3 15. fxe3 Qxe3+ 16. Kh1 Nh6 17. Nbd4 Rhe8 18. Qb3 Nxd4 19. Nxd4 Kg8 20. Nxe6 Qxe6 21. Bf3 Rad8 22. Qxb7 d4 23. cxd4 Rxd4 24. Bc6 Red8 25. Qxa6 Ng4 26. h3 R4d6 27. hxg4 Rxc6 28. Qb5 Rcd6 29. Qf5 Qe2 30. Rf2 Qe3 31. Qf4 Qe6 32. b3 Rd4 33. Qf5 Qb6 34. Raf1 R4d5 35. Qe4 Rd4 36. Qe3 Qd6 37. Rf4 Rd2 38. Re4 Rxa2 39. g5 f5 40. Re8+ Rxe8 41. Qxe8+ Qf8 42. Qxf8+ Kxf8 43. Rxf5+ Ke7 44. Rb5 Kf7 45. Kh2 Kg6 46. Kh3 Rd2 47. g3 Rd3 48. Kh4 Rd4+ 49. g4 Rd1 50. Rb6+ Kf7 51. b4 Rd3 52. b5 Rc3 53. Rb7+ Kg6 54. Rd7 Rb3 55. Rd6+ Kf7 56. b6 Ke7 57. Rc6 Kf7 58. Rc7+ Kg6 59. b7 Rb1 60. Rc6+ Kf7 61. Rc7+ Kg6 62. Kg3 Kxg5 63. Rxg7+ Kh6 64. Rd7 Kg5 65. Rxh7 Rb3+ 66. Kf2 Kxg4 67. Ke2 Kf5 68. Kd2 Ke6 69. Kc2 Rb5 70. Kc3 Kd6 71. Kc4 Rb1 72. Rg7 Kc6 73. Rh7 Rxb7 74. Rxb7 Kxb7 1/2-1/2

[Event "POL-chT U19 33rd"]
[Site "Laczna"]
[Date "2002.07.23"]
[Round "11"]
[White "Zielinski, Przemyslaw"]
[Black "Wojciechowska, Aleksandra"]
[Result "1-0"]
[WhiteElo "2289"]
[BlackElo "2034"]
[PlyCount "91"]
[EventDate "2002.07.15"]
[EventType "team-tourn"]
[EventRounds "11"]
[EventCountry "POL"]
[SourceTitle "CBM 089 Extra"]
[Source "ChessBase"]
[SourceDate "2002.09.10"]
[SourceVersion "2"]
[SourceVersionDate "2002.09.10"]
[SourceQuality "1"]
[WhiteTeam "Czarna Czarnovia U19"]
[BlackTeam "Gliwice Politechnika Slaska U19"]
[WhiteTeamCountry "POL"]
[BlackTeamCountry "POL"]

1. e4 Nc6 2. Bc4 Nf6 3. Nc3 e5 4. d3 Bb4 5. Bg5 h6 6. Bxf6 Bxc3+ 7. bxc3 Qxf6 8. Ne2 g5 9. d4 d6 10. Rb1 Ne7 11. Ng3 0-0 12. Nh5 Qg6 13. 0-0 g4 14. Ng3 Qg5 15. Kh1 Ng6 16. f3 Nf4 17. Qd2 Rb8 18. Ne2 Nh5 19. f4 exf4 20. Nxf4 g3 21. h3 Kh7 22. Qc1 b6 23. Bd3 Bb7 24. Nxh5 Qxh5 25. Qf4 f5 26. d5 Rbe8 27. Qxg3 fxe4 28. Rxf8 Rxf8 29. Bxe4+ Kh8 30. c4 Bc8 31. Re1 Bf5 32. Rf1 Rf7 33. Qf3 Bg6 34. Qc3+ Kg8 35. Bf3 Qf5 36. Re1 Qxc2 37. Re8+ Rf8 38. Rxf8+ Kxf8 39. Qf6+ Ke8 40. Qh8+ Ke7 41. Qxh6 Bf7 42. Qe3+ Kf8 43. Qe2 Qf5 44. Qe4 Qg5 45. h4 Qh6 46. Kh2 1-0

[Event "POL-chT U19 33rd"]
[Site "Laczna"]
[Date "2002.07.18"]
[Round "5"]
[White "Singer, Krystian"]
[Black "Zielinski, Przemyslaw"]
[Result "1-0"]
[WhiteElo "2158"]
[BlackElo "2289"]
[PlyCount "92"]
[EventDate "2002.07.15"]
[EventType "team-tourn"]
[EventRounds "11"]
[EventCountry "POL"]
[SourceTitle "CBM 089 Extra"]
[Source "ChessBase"]
[SourceDate "2002.09.10"]
[SourceVersion "2"]
[SourceVersionDate "2002.09.10"]
[SourceQuality "1"]
[WhiteTeam "Legnica Miedz U19"]
[BlackTeam "Czarna Czarnovia U19"]
[WhiteTeamCountry "POL"]
[BlackTeamCountry "POL"]

1. e4 c5 2. Nc3 Nc6 3. Bb5 Nd4 4. Bc4 g6 5. Nf3 a6 6. Nxd4 cxd4 7. Qf3 e6 8. Ne2 Bg7 9. d3 Ne7 10. 0-0 Nc6 11. Qg3 Na5 12. Bb3 d6 13. Bd2 Nxb3 14. axb3 Qb6 15. f4 f5 16. exf5 exf5 17. Qf2 Bd7 18. Bc3 0-0 19. Bxd4 Bxd4 20. Qxd4 Qc5 21. Qxc5 dxc5 22. Nc3 Rac8 23. Rfe1 Rfe8 24. Rxe8+ Rxe8 25. Kf2 Kf7 26. Re1 Rxe1 27. Kxe1 Ke6 28. Kf2 Kd6 29. Ke3 Be8 30. g3 Bf7 31. d4 Be8 32. Nd1 b5 33. dxc5+ Kxc5 34. Nf2 Bc6 35. Nd3+ Kd6 36. Kd4 Bf3 37. c4 Bd1 38. c5+ Ke6 39. Nb4 a5 40. Nc6 Bxb3 41. Nxa5 Bd5 42. Kc3 Bg2 43. Kb4 Bf1 44. Nc6 Kd5 45. Na7 h6 46. Nxb5 g5 1-0

[Event "POL-ch U18"]
[Site "Bartkowa"]
[Date "2002.??.??"]
[Round "?"]
[White "Wozniak, Marcin"]
[Black "Zielinski, Przemyslaw"]
[Result "0-1"]
[WhiteElo "2078"]
[BlackElo "2242"]
[PlyCount "88"]
[EventDate "2002.01.??"]
[EventType "swiss"]
[EventRounds "10"]
[EventCountry "POL"]
[SourceTitle "EXT 2005"]
[Source "ChessBase"]
[SourceDate "2004.11.15"]
[SourceVersion "1"]
[SourceVersionDate "2004.11.15"]
[SourceQuality "1"]

1. c4 e5 2. Nc3 Bb4 3. g3 Bxc3 4. bxc3 f5 5. Bg2 Nf6 6. Nf3 Nc6 7. 0-0 d6 8. d3 0-0 9. Qb3 Kh8 10. Bg5 Rb8 11. Nd2 Be6 12. e4 Qd7 13. Rae1 fxe4 14. Nxe4 Nxe4 15. Rxe4 Bf5 16. Qd1 Bxe4 17. Bxe4 Qf7 18. Bd5 Qg6 19. h4 h6 20. Be3 Ne7 21. Be4 Nf5 22. Bc1 Qe6 23. Qh5 Ne7 24. Kg2 c6 25. Bg5 Qf7 26. Qg4 Ng8 27. Be3 Nf6 28. Qe2 Nxe4 29. dxe4 b6 30. g4 Kh7 31. h5 Rbd8 32. g5 hxg5 33. Bxg5 Rd7 34. f4 exf4 35. Rxf4 Qe8 36. Rg4 Rdf7 37. Be3 Qe5 38. Rh4 Qf6 39. Rf4 Qg5+ 40. Rg4 Qxh5 41. Bf4 Kg8 42. Bg3 g6 43. e5 Rf1 44. Bh4 R1f4 0-1

[Event "POL-ch U18"]
[Site "Bartkowa"]
[Date "2002.??.??"]
[Round "?"]
[White "Zielinski, Przemyslaw"]
[Black "Pokojski, Patryk"]
[Result "1-0"]
[WhiteElo "2242"]
[BlackElo "2098"]
[PlyCount "53"]
[EventDate "2002.01.??"]
[EventType "swiss"]
[EventRounds "10"]
[EventCountry "POL"]
[SourceTitle "EXT 2005"]
[Source "ChessBase"]
[SourceDate "2004.11.15"]
[SourceVersion "1"]
[SourceVersionDate "2004.11.15"]
[SourceQuality "1"]

1. d4 e5 2. dxe5 Nc6 3. Nf3 Qe7 4. Bf4 Qb4+ 5. Bd2 Qxb2 6. Nc3 Bb4 7. Rb1 Qa3 8. Rb3 Qa5 9. a3 Bxc3 10. Rxc3 Qd5 11. e4 Qxe4+ 12. Be2 Nge7 13. 0-0 0-0 14. Bd3 Qd5 15. Bc4 Qe4 16. Re1 Qg4 17. h3 Qh5 18. g4 Qxh3 19. Ng5 Qh6 20. Rh3 Qg6 21. Bd3 f5 22. exf6 Qxf6 23. Bxh7+ Kh8 24. Bd3+ Kg8 25. Rf3 Nf5 26. Rxf5 Qd6 27. Rxf8+ 1-0

[Event "POL-ch U18"]
[Site "Bartkowa"]
[Date "2002.??.??"]
[Round "?"]
[White "Zielinski, Przemyslaw"]
[Black "Skalski, Michal"]
[Result "1/2-1/2"]
[WhiteElo "2242"]
[BlackElo "2137"]
[PlyCount "32"]
[EventDate "2002.01.??"]
[EventType "swiss"]
[EventRounds "10"]
[EventCountry "POL"]
[SourceTitle "EXT 2005"]
[Source "ChessBase"]
[SourceDate "2004.11.15"]
[SourceVersion "1"]
[SourceVersionDate "2004.11.15"]
[SourceQuality "1"]

1. d4 g6 2. e4 Bg7 3. Nc3 d6 4. Be3 Nd7 5. Qd2 a6 6. f3 b5 7. Nge2 Bb7 8. Nf4 c6 9. Nd3 Qc7 10. a4 Ngf6 11. g4 Nb6 12. b3 h5 13. g5 Nfd7 14. Qf2 Rc8 15. a5 Na8 16. Ne2 c5 1/2-1/2

[Event "POL-chT U19 2nd League"]
[Site "Krynica"]
[Date "2001.??.??"]
[Round "7"]
[White "Fudalej, Grzegorz"]
[Black "Zielinski, Przemyslaw"]
[Result "0-1"]
[WhiteElo "2045"]
[BlackElo "2185"]
[PlyCount "40"]
[EventDate "2001.07.16"]
[EventType "team-swiss"]
[EventRounds "11"]
[EventCountry "POL"]
[SourceTitle "EXT 2003"]
[Source "ChessBase"]
[SourceDate "2002.11.25"]
[SourceVersion "1"]
[SourceVersionDate "2002.11.25"]
[SourceQuality "1"]
[WhiteTeam "Zabrze Budosak U19"]
[BlackTeam "Krakow Korona U19"]
[WhiteTeamCountry "POL"]
[BlackTeamCountry "POL"]

1. g3 c5 2. c4 Nc6 3. Bg2 g6 4. Nc3 Bg7 5. a3 d6 6. Rb1 a5 7. d3 e5 8. Qa4 Ra6 9. Bd2 Nge7 10. e3 0-0 11. Nge2 Be6 12. Nd5 Bxd5 13. cxd5 Na7 14. Nc3 Qb8 15. Qc2 b5 16. a4 b4 17. Ne2 f5 18. b3 Nac8 19. f3 Nxd5 20. Qc4 Qb7 0-1

[Event "POL-chT U19 2nd League"]
[Site "Krynica"]
[Date "2001.??.??"]
[Round "8"]
[White "Szymanski, Piotr"]
[Black "Zielinski, Przemyslaw"]
[Result "0-1"]
[WhiteElo "2105"]
[BlackElo "2185"]
[PlyCount "40"]
[EventDate "2001.07.16"]
[EventType "team-swiss"]
[EventRounds "11"]
[EventCountry "POL"]
[SourceTitle "EXT 2003"]
[Source "ChessBase"]
[SourceDate "2002.11.25"]
[SourceVersion "1"]
[SourceVersionDate "2002.11.25"]
[SourceQuality "1"]
[WhiteTeam "Lomza Devo Maraton U19"]
[BlackTeam "Krakow Korona U19"]
[WhiteTeamCountry "POL"]
[BlackTeamCountry "POL"]

1. d4 Nf6 2. c4 d6 3. Nf3 Bg4 4. Nc3 Bxf3 5. exf3 g6 6. g3 Bg7 7. Bg2 c6 8. 0-0 d5 9. c5 0-0 10. Be3 Nfd7 11. f4 Na6 12. Ne2 e6 13. Qa4 Nc7 14. Rac1 f6 15. Bh3 Qe8 16. Qb3 Rb8 17. Qa4 g5 18. Rfe1 gxf4 19. Nxf4 e5 20. Nd3 a6 0-1